[Event "NEP-ch Seniors 5th"]
[Site "Kathmandu"]
[Date "2022.11.07"]
[Round "7"]
[White "B K, Tirthbahadur"]
[Black "Duwal, Ganesh Man"]
[Result "1-0"]
[WhiteElo "1742"]
[BlackElo "1831"]
[PlyCount "77"]
[EventDate "2022.11.05"]
[EventType "swiss"]
[EventRounds "7"]
[EventCountry "NEP"]
[SourceTitle "CBM 211 Extra"]
[Source "ChessBase"]
[SourceDate "2023.01.31"]
[SourceVersion "1"]
[SourceVersionDate "2023.01.31"]
[SourceQuality "1"]

1. e4 c5 2. Nf3 d6 3. d4 cxd4 4. Nxd4 Nc6 5. Nc3 Nf6 6. Be2 a6 7. Be3 Bd7 8. 0-0 e6 9. Qd2 Be7 10. Rad1 Qc7 11. f4 0-0 12. a3 Rac8 13. Bf3 Na5 14. Be2 Rfd8 15. f5 Nc4 16. Bxc4 Qxc4 17. fxe6 fxe6 18. Qd3 Qc7 19. h3 b5 20. Nde2 Be8 21. Bd4 e5 22. Bf2 Bf7 23. Bh4 Bc4 24. Qe3 d5 25. Qg3 Bxe2 26. Bxf6 Bxf6 27. Nxe2 Qb6+ 28. Kh1 Rxc2 29. Nc3 Kh8 30. Nxd5 Qb8 31. Rc1 Qc8 32. Rce1 Qe6 33. Rf2 Rc4 34. Ref1 Rf8 35. Qe3 h6 36. Nxf6 Rxf6 37. Rxf6 gxf6 38. Qxh6+ Kg8 39. Rxf6 1-0

[Event "NEP-ch Seniors 5th"]
[Site "Kathmandu"]
[Date "2022.11.06"]
[Round "4"]
[White "Duwal, Ganesh Man"]
[Black "Shrestha, Gyanendra Prasad"]
[Result "1-0"]
[WhiteElo "1831"]
[BlackElo "1742"]
[PlyCount "159"]
[EventDate "2022.11.05"]
[EventType "swiss"]
[EventRounds "7"]
[EventCountry "NEP"]
[SourceTitle "CBM 211 Extra"]
[Source "ChessBase"]
[SourceDate "2023.01.31"]
[SourceVersion "1"]
[SourceVersionDate "2023.01.31"]
[SourceQuality "1"]

1. e4 e6 2. d4 d5 3. e5 c5 4. c3 Nc6 5. Nf3 Bd7 6. dxc5 Bxc5 7. Bd3 Nge7 8. Bf4 Ng6 9. Bg3 Qc7 10. Qe2 0-0 11. Nbd2 Rad8 12. Nb3 Be7 13. 0-0 a6 14. h4 Rfe8 15. h5 Nf8 16. h6 gxh6 17. Qe3 Ng6 18. Rfe1 Bf8 19. Rac1 Bg7 20. Nbd4 Qb6 21. b3 Nxd4 22. cxd4 Rc8 23. Bf4 Nxf4 24. Qxf4 Rxc1 25. Rxc1 Rc8 26. g3 Rxc1+ 27. Qxc1 Qc6 28. Qe3 b5 29. Bb1 b4 30. Qd3 Qc3 31. Qxh7+ Kf8 32. Kg2 Bb5 33. Qc2 a5 34. Qxc3 bxc3 35. Ne1 Ke8 36. Kf3 Bf8 37. Ke3 a4 38. Bc2 a3 39. Bd3 Bc6 40. Nc2 Kd7 41. Ba6 Be7 42. Kd3 h5 43. Kxc3 h4 44. Bf1 f5 45. b4 hxg3 46. fxg3 Bg5 47. Nxa3 Bc1 48. Nc2 Ke7 49. Be2 Ba4 50. Ne1 Be3 51. Ng2 Bf2 52. g4 fxg4 53. Bxg4 Bb5 54. Nf4 Be1+ 55. Kb3 Bc4+ 56. Ka3 Bd2 57. Nxe6 Bc1+ 58. Ka4 Bxa2 59. Kb5 Bd2 60. Kc5 Bc4 61. Nc7 Kd8 62. Nb5 Be3 63. Nd6 Bb3 64. Be6 Bd2 65. b5 Kc7 66. b6+ Kb8 67. Bxd5 Ba4 68. e6 Be3 69. Bc4 Bc1 70. Kb4 Bc6 71. d5 Bxd5 72. Bxd5 Ba3+ 73. Kb5 Bxd6 74. Kc6 Be7 75. Kd7 Bd8 76. e7 Bxe7 77. Kxe7 Kc8 78. Kd6 Kb8 79. b7 Ka7 80. Kc7 1-0